000 00562nam a2200181Ia 4500
008 151202s9999||||xx |||||||||||||| ||und||
082 _bPNVM-84737
100 _aढापरे प्रसाद.
245 _aअमर्त्य सेन.
260 _bमिरर पब्लिशिंग.
260 _c2014
300 _a151
600 _aढापरे प्रसाद.
630 _aअमर्त्य सेन.
700 _aढापरे प्रसाद.
730 _aअमर्त्य सेन.
942 _cBOOK
999 _c1349589
_d1349586